000 00344nam a2200145Ia 4500
003 OSt
005 20231226072439.0
008 170524s9999 xx 000 0 und d
020 _a9798184350912
040 _cIIMT UNIVERSTY
100 _aMALVIYA SUBHASH
245 0 _aADVERTISING MANAGEMENT
260 _bNew Delhi : Adhiyaya
942 _2ddc
_c01
999 _c9410
_d9410